Marvel Cosmic Invasion Quiz - Statistics

General Stats
  • This quiz has been taken 8 times
  • The average score is 8 of 9
Answer Stats
Heroes % Correct
Captain America
100%
Rocket Raccoon
100%
Spider-Man
100%
Wolverine
100%
She-Hulk
83%
Storm
83%
Nova
67%
Venom
67%
Quasar
50%
No matching quizzes found
Score Distribution
Percent of People with Each Score
Percentile by Number Answered
Your Score History
You have not taken this quiz